| 000 | 01019nam a2200361 a 4500 | ||
|---|---|---|---|
| 003 | AR-BaBNM | ||
| 005 | 20251128210307.0 | ||
| 008 | 082120s2002 ||||||||||||||000 | spa|| | ||
| 020 | _a950-9658-3-7 | ||
| 040 | _cAR-BaBNM | ||
| 245 | 0 | 0 |
_aLa huerta educativa _btaller de acción |
| 250 | _a1ª ed. | ||
| 260 |
_aBuenos Aires _bActilibro _c1996 |
||
| 300 |
_a208 p. _bil. |
||
| 490 | 0 | _aDel taller | |
| 504 | _aBibliografía p. 205-206 | ||
| 650 | 4 | _aTECNICAS DE ENSEÑANZA | |
| 650 | 4 | _aRECURSOS EDUCACIONALES | |
| 650 | 4 | _aROL DEL DOCENTE | |
| 650 | 4 | _aACTIVIDADES DE APRENDIZAJE | |
| 650 | 4 | _aACTIVIDADES AL AIRE LIBRE | |
| 650 | 4 | _aACTIVIDADES EN GRUPO | |
| 653 | _aTALLERES EDUCATIVOS | ||
| 653 | _aHUERTA ESCOLAR | ||
| 653 | _aEXPERIENCIAS EDUCATIVAS | ||
| 700 | 1 | _aCoppa, Graciela M. | |
| 700 | 1 | _aSchusterman, Edith L. | |
| 700 | 1 | _aDíaz, Claudia M. | |
| 700 | 1 | _aAndersson, Adriana Victoria | |
| 800 | 1 |
_aAndersson, Adriana Victoria _edirector |
|
| 942 | _cBK | ||
| 998 | _cCarmen | ||
| 999 |
_c14830 _d14830 |
||